[Event "Napoli Porreca Memorial 2nd"]
[Site "Napoli"]
[Date "2012.10.04"]
[Round "3"]
[White "Sgammato, Francesco"]
[Black "Esposito, Rosario"]
[Result "0-1"]
[WhiteElo "1715"]
[BlackElo "1844"]
[PlyCount "70"]
[EventDate "2012.09.20"]
[EventType "swiss"]
[EventRounds "7"]
[EventCountry "ITA"]
[SourceTitle "EXT 2014"]
[Source "ChessBase"]
[SourceDate "2013.11.20"]
[SourceVersion "1"]
[SourceVersionDate "2013.11.20"]
[SourceQuality "1"]

1. c4 c5 2. Nf3 Nc6 3. Nc3 g6 4. e3 Bg7 5. d4 cxd4 6. exd4 Nf6 7. d5 Nb8 8. Be2 d6 9. 0-0 0-0 10. Qb3 Nbd7 11. Be3 b6 12. Nd4 Nc5 13. Qc2 Bb7 14. b4 Ncd7 15. Nc6 Qe8 16. Rad1 Nb8 17. Nb5 Nxc6 18. dxc6 Qxc6 19. Bf3 Qc8 20. Bxb7 Qxb7 21. Nd4 Rac8 22. b5 Ng4 23. Nc6 Ne5 24. Nxe5 Bxe5 25. Bd4 Bxd4 26. Rxd4 Rc5 27. Qd3 Rfc8 28. a4 Qc7 29. h4 Rxc4 30. Rxc4 Qxc4 31. Qh3 h5 32. Re1 e6 33. Re3 Qxa4 34. Rd3 Rc1+ 35. Kh2 Qf4+ 0-1

[Event "Napoli Parthenope op 4th"]
[Site "Napoli"]
[Date "2012.04.26"]
[Round "6"]
[White "Cosenza, Gianni"]
[Black "Sgammato, Francesco"]
[Result "1-0"]
[WhiteElo "1953"]
[BlackElo "1722"]
[PlyCount "50"]
[EventDate "2012.03.22"]
[EventType "swiss"]
[EventRounds "7"]
[EventCountry "ITA"]
[SourceTitle "EXT 2018"]
[Source "ChessBase"]
[SourceDate "2017.10.13"]
[SourceVersion "1"]
[SourceVersionDate "2017.10.13"]
[SourceQuality "1"]

1. e4 e6 2. d4 d5 3. Nd2 dxe4 4. Nxe4 Nd7 5. Nf3 Ngf6 6. Bg5 Be7 7. Nxf6+ Nxf6 8. Bd3 c5 9. dxc5 Qa5+ 10. c3 Qxc5 11. Qe2 0-0 12. 0-0 h6 13. Be3 Qc7 14. Bd4 Nd5 15. g3 Bf6 16. Qe4 g6 17. h4 Bxd4 18. Qxd4 Rd8 19. Rad1 Ne7 20. Qe3 Bd7 21. Qxh6 Nf5 22. Bxf5 exf5 23. Ng5 Be6 24. Nxe6 fxe6 25. Qxg6+ Qg7 1-0

[Event "Napoli Porreca Cup 1st"]
[Site "Napoli"]
[Date "2011.10.20"]
[Round "5"]
[White "Sgammato, Francesco"]
[Black "Caiazzo, Diego"]
[Result "0-1"]
[WhiteElo "1698"]
[BlackElo "1856"]
[PlyCount "166"]
[EventDate "2011.09.22"]
[EventType "swiss"]
[EventRounds "7"]
[EventCountry "ITA"]
[SourceTitle "EXT 2018"]
[Source "ChessBase"]
[SourceDate "2017.10.13"]
[SourceVersion "1"]
[SourceVersionDate "2017.10.13"]
[SourceQuality "1"]

1. c4 e6 2. Nc3 d5 3. cxd5 exd5 4. d4 Nf6 5. Nf3 Be7 6. g3 0-0 7. Bg2 c6 8. 0-0 Nbd7 9. Qc2 Re8 10. Bg5 h6 11. Bf4 Nf8 12. Rfe1 Ng6 13. Bc1 Bd6 14. b3 Be6 15. Bb2 Qd7 16. e4 Nxe4 17. Nxe4 dxe4 18. Rxe4 Bd5 19. Rxe8+ Rxe8 20. Qd2 Re7 21. Re1 Qe8 22. Rxe7 Qxe7 23. Kf1 Kf8 24. Qe2 Qe4 25. Qxe4 Bxe4 26. Bh1 Bd3+ 27. Ke1 Bb4+ 28. Kd1 f6 29. Nd2 Ne7 30. a3 Ba5 31. Nc4 Bc7 32. Kd2 Bf5 33. Ne3 Be6 34. b4 Ke8 35. Bf3 Kd7 36. h4 Kd6 37. Kd3 Nd5 38. Nc4+ Ke7 39. Nd2 a5 40. Bxd5 Bxd5 41. bxa5 Bxa5 42. Bc3 Bc7 43. Bb4+ Ke6 44. Nc4 b5 45. Ne3 Bf3 46. Bf8 Kf7 47. Bc5 g6 48. Nc2 Ke6 49. Ke3 Bd5 50. Nb4 h5 51. Nd3 g5 52. Bb4 Kf5 53. Be7 gxh4 54. gxh4 Ke6 55. Bb4 Kf5 56. f3 Bg3 57. Nf2 Bxh4 58. Nh3 Bg5+ 59. Kf2 h4 60. Bc5 Be6 61. Kg2 Be3 62. Bb6 Bc4 63. Bc5 Ke6 64. Nf2 Kd5 65. Ng4 Bg5 66. Bb6 f5 67. Nf2 Be3 68. Nh3 Bd3 69. Nf2 Be2 70. Nh3 Kc4 71. d5 Bxb6 72. d6 Bd8 73. Nf4 Bd1 74. Ne6 Bf6 75. d7 h3+ 76. Kg3 h2 77. Kxh2 Bxf3 78. Kg3 Be4 79. Kf4 Kb3 80. Ke3 Kxa3 81. Nd4 Bxd4+ 82. Kxd4 b4 83. d8Q Kb2 0-1

[Event "Napoli Porreca Cup 1st"]
[Site "Napoli"]
[Date "2011.10.06"]
[Round "3"]
[White "Avolio, Giovanni"]
[Black "Sgammato, Francesco"]
[Result "1-0"]
[WhiteElo "1879"]
[BlackElo "1698"]
[PlyCount "109"]
[EventDate "2011.09.22"]
[EventType "swiss"]
[EventRounds "7"]
[EventCountry "ITA"]
[SourceTitle "EXT 2018"]
[Source "ChessBase"]
[SourceDate "2017.10.13"]
[SourceVersion "1"]
[SourceVersionDate "2017.10.13"]
[SourceQuality "1"]

1. c4 e5 2. Nc3 Nf6 3. g3 Bb4 4. Bg2 Bxc3 5. bxc3 Nc6 6. Nf3 d6 7. 0-0 0-0 8. d3 h6 9. Bd2 Be6 10. e4 Qd7 11. Re1 Bh3 12. Bh1 Ng4 13. Nh4 Ne7 14. f3 Nf6 15. f4 exf4 16. gxf4 Qg4+ 17. Qxg4 Nxg4 18. Re2 Rab8 19. Rb1 b6 20. Nf3 f5 21. Nd4 Rf6 22. Bg2 Bxg2 23. Rxg2 h5 24. h3 Nh6 25. Kh2 Rg6 26. Rbg1 Rxg2+ 27. Rxg2 Kf7 28. e5 a6 29. exd6 cxd6 30. Be3 d5 31. Nf3 dxc4 32. dxc4 g6 33. Ne5+ Kg7 34. Bd4 Kh7 35. Nd7 Rb7 36. Nf8+ Kg8 37. Nxg6 Kf7 38. Ne5+ Ke8 39. Rg7 Nhg8 40. Ng6 b5 41. cxb5 axb5 42. Nxe7 Nxe7 43. Bf6 Rd7 44. Rxe7+ Rxe7 45. Bxe7 Kxe7 46. Kg3 Kf6 47. Kh4 Kg6 48. a3 Kh6 49. Kg3 Kg6 50. Kf3 Kf6 51. Ke3 Ke6 52. Kd4 Kd6 53. c4 bxc4 54. Kxc4 Kc6 55. a4 1-0

[Event "Napoli Porreca Cup 1st"]
[Site "Napoli"]
[Date "2011.09.29"]
[Round "2"]
[White "Sgammato, Francesco"]
[Black "Miccoli, Livio"]
[Result "1-0"]
[WhiteElo "1698"]
[BlackElo "1670"]
[PlyCount "95"]
[EventDate "2011.09.22"]
[EventType "swiss"]
[EventRounds "7"]
[EventCountry "ITA"]
[SourceTitle "EXT 2018"]
[Source "ChessBase"]
[SourceDate "2017.10.13"]
[SourceVersion "1"]
[SourceVersionDate "2017.10.13"]
[SourceQuality "1"]

1. c4 Nf6 2. Nc3 g6 3. Nf3 Bg7 4. g3 b6 5. Bg2 Bb7 6. d3 c5 7. 0-0 Qc7 8. Bf4 d6 9. Rc1 Nbd7 10. Qd2 0-0 11. e4 Rac8 12. Rfe1 a6 13. b3 Rfd8 14. Bg5 e6 15. Qf4 Re8 16. Qh4 Rf8 17. Bh3 Nh5 18. g4 Nhf6 19. Bg2 Kh8 20. Re3 Ne8 21. Bh6 Ne5 22. Nxe5 dxe5 23. Rh3 f5 24. Na4 Bf6 25. g5 Bg7 26. Nxb6 Rb8 27. Na4 Rf7 28. Nc3 Nd6 29. Qg3 f4 30. Qg4 Qd7 31. Na4 Qc6 32. Bxg7+ Kxg7 33. Qxe6 Re8 34. Qd5 Qd7 35. Qxc5 f3 36. Rxf3 Ref8 37. Qxe5+ Kg8 38. Rxf7 Nxf7 39. Qg3 Qd4 40. h4 Ne5 41. Qe3 Qd7 42. Nc5 Qg4 43. Qg3 Qe2 44. Nxb7 Nxd3 45. Rf1 Rxf2 46. Rxf2 Qd1+ 47. Bf1 Nf4 48. Qxf4 1-0

[Event "Napoli Porreca Cup 1st"]
[Site "Napoli"]
[Date "2011.09.22"]
[Round "1"]
[White "Sgammato, Francesco"]
[Black "Donadio, Andrea"]
[Result "0-1"]
[WhiteElo "1698"]
[BlackElo "1872"]
[PlyCount "70"]
[EventDate "2011.09.22"]
[EventType "swiss"]
[EventRounds "7"]
[EventCountry "ITA"]
[SourceTitle "EXT 2018"]
[Source "ChessBase"]
[SourceDate "2017.10.13"]
[SourceVersion "1"]
[SourceVersionDate "2017.10.13"]
[SourceQuality "1"]

1. c4 e6 2. Nc3 f5 3. Nf3 Nf6 4. g3 Be7 5. Bg2 0-0 6. 0-0 d6 7. d3 e5 8. c5 Nc6 9. cxd6 cxd6 10. Qb3+ Kh8 11. Ng5 Qe8 12. Be3 Nd8 13. Nb5 Qh5 14. Bf3 Ng4 15. h4 Bxg5 16. Bxg5 Be6 17. Qa4 Nf7 18. Be7 Rfe8 19. Nc7 Rxe7 20. Nxa8 g5 21. Kg2 gxh4 22. Rh1 Ng5 23. Rxh4 Qg6 24. Qxa7 Nxf3 25. exf3 Bd5 26. Nb6 Bc6 27. Rah1 f4 28. Qa3 fxg3 29. Rxg4 Qxg4 30. d4 gxf2+ 31. Kxf2 Qxd4+ 32. Qe3 Qxb2+ 33. Kg3 Rg7+ 34. Kh4 Qg2 35. Rh3 Qg6 0-1

[Event "Napoli Vomero Septembre 7th"]
[Site "Napoli"]
[Date "2010.10.03"]
[Round "4"]
[White "Sgammato, Francesco"]
[Black "Borrelli, Salvatore"]
[Result "0-1"]
[WhiteElo "1614"]
[BlackElo "1963"]
[PlyCount "98"]
[EventDate "2010.09.10"]
[EventType "swiss"]
[EventRounds "7"]
[EventCountry "ITA"]
[SourceTitle "EXT 2024"]
[Source "ChessBase"]
[SourceDate "2023.10.10"]
[SourceVersion "1"]
[SourceVersionDate "2023.10.10"]
[SourceQuality "1"]

1. c4 f5 2. Nc3 Nf6 3. Nf3 d6 4. d4 e6 5. e3 Be7 6. Be2 0-0 7. 0-0 b6 8. b3 Ne4 9. Qc2 Bb7 10. Bb2 Qe8 11. Nb5 Na6 12. a3 c6 13. Nc3 d5 14. cxd5 exd5 15. Nxe4 fxe4 16. Ne5 Bd6 17. Rac1 c5 18. Qc3 Rf5 19. f4 exf3 20. Rxf3 Rxf3 21. Bxf3 Qe7 22. Qe1 Re8 23. Qc3 cxd4 24. exd4 Bxa3 25. Bxa3 Qxa3 26. Bg4 Qe7 27. Rf1 Rf8 28. Qh3 Rxf1+ 29. Kxf1 Nc7 30. Qe3 Ba6+ 31. Kg1 Qa3 32. h3 Qe7 33. Kh2 Ne8 34. Nc4 Qxe3 35. Nxe3 Nf6 36. Be6+ Kf8 37. Nxd5 Nxd5 38. Bxd5 Ke7 39. Kg3 Kd6 40. Be4 h6 41. h4 Bc8 42. Kf4 Be6 43. b4 a5 44. bxa5 bxa5 45. Ke3 Bd5 46. Bf3 Bxf3 47. gxf3 Kd5 48. Kd3 a4 49. h5 a3 0-1

[Event "Giugliano op 4th"]
[Site "Giugliano"]
[Date "2009.09.20"]
[Round "6"]
[White "Sgammato, Francesco"]
[Black "Fezza, Davide"]
[Result "0-1"]
[WhiteElo "1563"]
[BlackElo "2086"]
[PlyCount "33"]
[EventDate "2009.09.18"]
[EventType "swiss"]
[EventRounds "6"]
[EventCountry "ITA"]
[SourceTitle "EXT 2012"]
[Source "ChessBase"]
[SourceDate "2011.11.24"]
[SourceVersion "1"]
[SourceVersionDate "2011.11.24"]
[SourceQuality "1"]

1. c4 Nf6 2. Nc3 g6 3. e4 d6 4. d4 Bg7 5. Nf3 0-0 6. Be2 e5 7. 0-0 Nc6 8. h3 exd4 9. Nxd4 Nxe4 10. Nxc6 Nxc3 11. Nxd8 Nxd1 12. Nxf7 Nxf2 13. Nh6+ Kh8 14. Ng4 Bxg4 15. hxg4 Bd4 16. Rxf2 Rxf2 17. Bf3 0-1